Knižničný zborník 1984

Na minha lista:
Detalhes bibliográficos
Formato: Livro
Idioma:eslovaco
Publicado em: Martin Matica slovenská 1984
Colecção:Teória a výskum
Tags: Adicionar Tag
Sem tags, seja o primeiro a adicionar uma tag!

MARC

LEADER 00000nam a2200000 4500
001 c114361
005 20260121101738.0
041 0 |a slo 
044 |a SK 
245 1 0 |a Knižničný zborník 1984  |c zostavila Margita Buociková 
264 1 |a Martin  |b Matica slovenská  |c 1984 
300 |a 227 s. 
490 1 |a Teória a výskum 
830 0 |a Teória a výskum